000 00882nam a2200289 i 4500
001 bg
100 1 _aGolding, William
_d(1911-1993).
245 1 0 _aWładca much /
_cWilliam Golding ; przekł. Wacław Niepokólczycki.
246 1 _iTyt. oryg.:
_aLord of the flies
260 _aKraków :
_b"Mediasat Poland",
_c[2004].
300 _a180, [3] s. ;
_c22 cm.
490 1 _aKolekcja Gazety Wyborczej : XX wiek ;
_v29
500 _aTyt. oryg.: "Lord of the flies" 1954.
650 9 _aPowieść angielska
_y20 w.
700 1 _aNiepokólczycki, Wacław
_d(1929-2001).
_eTł.
830 0 _aKolekcja Gazety Wyborczej ;
_v29
020 _a8389651785
020 _a8497897269
040 _cBPK
041 1 _apol
_heng
044 _aPOL
080 _a821.111-3
920 _a83-89651-78-5
920 _a84-9789-726-9
942 _cKS
008 s pl f |000 0 pol
999 _c55666
_d55666
856 _uhttp://koha.tu.koszalin.pl/cgi-bin/koha/opac-detail.pl?biblionumber=55666
_yKatalog online BPK